KAYTRANADA Charting Songs (Billboard Hot Dance) - Statistics

General Stats
  • This quiz has been taken 36 times
    5 since last reset
  • The average score is 7 of 26
Answer Stats
Album Weeks On Peak Artist(s) Song % Correct
TIMELESS 1 Week #21 KAYTRANADA ft. Rochelle Jordan Lover / Friend
75%
TIMELESS 19 Weeks #12 KAYTRANADA ft. Childish Gambino Witchy
75%
Intimidated EP 2 Weeks #20 KAYTRANADA ft. Thundercat Be Careful
50%
TIMELESS 1 Week #48 KAYTRANADA ft. Anderson .Paak & SiR Do 2 Me
50%
TIMELESS 2 Weeks #30 KAYTRANADA ft. Don Toliver Feel a Way
50%
Bubba 3 Weeks #29 KAYTRANADA ft. Durand Bernarr Freefall
50%
Intimidated EP 20 Weeks #9 KAYTRANADA ft. H.E.R. Intimidated
50%
TIMELESS 1 Week #44 KAYTRANADA ft. Lou Phelps Call U Up
25%
Bubba 1 Week #21 KAYTRANADA DO IT
25%
TIMELESS 1 Week #35 KAYTRANADA ft. Channel Tres Drip Sweat
25%
Bubba 3 Weeks #23 KAYTRANADA ft. Masego Need It
25%
TIMELESS 1 Week #50 KAYTRANADA Pressure
25%
Bubba 1 Week #22 KAYTRANADA Puff Lah
25%
Bubba 1 Week #31 KAYTRANADA Scared to Death
25%
Bubba 1 Week #43 KAYTRANADA September 21
25%
TIMELESS 3 Weeks #40 KAYTRANADA ft. PinkPantheress Snap My Finger
25%
TIMELESS 1 Week #38 KAYTRANADA ft. Rochelle Jordan Spit It Out
25%
Bubba 2 Weeks #24 KAYTRANADA ft. VanJess Taste
25%
TIMELESS 1 Week #47 KAYTRANADA ft. Durand Bernarr Weird
25%
Bubba 2 Weeks #27 KAYTRANADA ft. Charlotte Day Wilson What You Need
25%
Non-Album Single 1 Week #50 KAYTRANADA Caution
0%
Non-Album Single 2 Weeks #21 KAYTRANADA ft. Lucky Daye Look Easy
0%
Intimidated EP 1 Week #21 KAYTRANADA ft. Mach-Hommy $payforhaiti
0%
AIN'T NO DAMN WAY! 1 Week #11 KAYTRANADA SPACE INVADER
0%
Bubba 7 Weeks #17 KAYTRANADA ft. Tinashe The Worst In Me
0%
Non-Album Single 4 Weeks #21 KAYTRANADA & Anderson .Paak Twin Flame
0%
No matching quizzes found
Score Distribution
Percent of People with Each Score
Percentile by Number Answered
Your Score History
You have not taken this quiz since the last reset